| 000 | 01460nam a2200385 i 4500 | ||
|---|---|---|---|
| 001 | 000004182 | ||
| 003 | DO-SdBNP | ||
| 005 | 20260321073638.0 | ||
| 007 | ta | ||
| 008 | 090720e2009 dr aoc gr 001 edspa d | ||
| 020 | _a1887691200 | ||
| 040 |
_aDO-SdBNP _bspa _cBNPHU _erda |
||
| 041 | _aspa | ||
| 082 | 4 |
_a923.27293 _bB742C _222 |
|
| 100 | 1 |
_aCruz, Víctor Manuel de la, _d1961- _eautor _4aut, _912341 |
|
| 245 | 1 | 0 |
_aBiografía de Juan Bosch : _b1909-1961 / _cVíctor Manuel de la Cruz |
| 264 | 1 |
_aSanto Domingo : _bBúho, _c2009. |
|
| 300 |
_a472 páginas : _bilustraciones ; _c25 cm. |
||
| 336 |
_atexto _btxt _2rdacontent |
||
| 337 |
_asin mediación _bn _2rdamedia |
||
| 338 |
_avolumen _bnc _2rdacarrier |
||
| 500 | _aIncluye datos biográficos del autor en la solapa de la cubierta. | ||
| 500 | _aIncluye referencias bibliográficas y notas al pie de las páginas. | ||
| 504 | _aBibliografía : páginas 171-172 | ||
| 590 | _aInventariado 2022 / MF | ||
| 600 | 1 | 0 |
_a Bosch, Juan, _d1909-2001 _976555 |
| 610 | 2 | 4 |
_aPartido Revolucionario Dominicano _xHistoria _981282 |
| 650 | 4 |
_aPresidentes _zRepública Dominicana _xHistoria _96913 |
|
| 650 | 4 |
_aMovimientos revolucionarios _91376 |
|
| 650 | 4 |
_aHomicidio político _zRepública Dominicana _911383 |
|
| 651 | 4 |
_aRepública Dominicana _xPolítica y gobierno _912342 _vFuentes |
|
| 651 | 4 |
_aRepública Dominicana _xHistoria _9170 |
|
| 910 | _aValidado. Control de calidad MMOLINA | ||
| 942 |
_2ddc _cLBS1 |
||
| 999 |
_c3997 _d3997 |
||